000 00337nam a22001457a 4500
003 SGT
082 _a340,KHE
100 _aKHERA,R.C.
245 _aDELHI HIGH COURT RULES PRACTICE & PROCEDURE
250 _a5TH
260 _aDELHI
_bALLIED BOOK
_c2008
300 _a960
650 _aDELHI HIGH COURT RULES PRACTICE
942 _2ddc
_cBK
999 _c10372
_d10372